| 000 | 00509nam a2200181Ia 4500 | ||
|---|---|---|---|
| 008 | 240925s9999 xx 000 0 und d | ||
| 020 | _a9788184317695 | ||
| 082 | _a004.16 GOD | ||
| 100 | _aGodse, P. Atul | ||
| 245 | 0 | _aMicroporocessors & Microcontrollers | |
| 250 | _a1st | ||
| 260 |
_aPune: _bTechnical Publications _c,2010. |
||
| 300 |
_aviii,767p. _bN.A _fOriginal |
||
| 500 | _aIncludes Index | ||
| 600 | _aComputer Science | ||
| 650 | _aComputer science, information & general works | ||
| 942 | _cBK | ||
| 999 |
_c11186 _d11186 |
||